{"text_format":"1","workbook":"xlsx","n_sheets":1,"sheets":["НВЛ (материалы)"],"not_rendered":{"charts":0,"images":0,"macros":0,"external_links":0,"defined_names":1,"comments":0,"pivot_tables":0},"unopened":[],"bounds":{"document_bytes":16777216,"sheet_cells":100000,"rows_first":2000,"rows_last":500,"rows_between":2000,"halvings":0,"cell_chars":16384,"cell_head_chars":4096},"cells_cut":0,"cells_raw":0,"read":"whole","date_system":"1900"}

{"sheet":"НВЛ (материалы)","index":0,"n_rows":29,"n_cols":15,"rows_kept":29,"cut":false,"hidden":false,"merged":[[31,0,31,11],[1,3,1,11],[30,5,30,7],[28,0,28,7],[29,0,29,11],[40,0,40,11],[37,0,37,11],[36,0,36,11],[38,0,38,11],[32,0,32,11],[35,0,35,11],[39,0,39,11],[34,0,34,11],[33,0,33,11],[41,8,41,11],[41,0,41,4],[45,0,45,4],[45,5,45,7],[45,8,45,11],[43,0,43,4],[43,5,43,7],[43,8,43,11],[41,5,41,7]]}
[null,null,null,"                                                  Перечень предлагаемых непрофильных и невостребованных ликвидных (НВЛ) МТР"]
[null,null,null,"по состоянию на 31.12.2022, находящие в собственности ООО \"НК\"Русснефть-Брянск\"."]
["№ п/п","Товарная группа","Номенклатурный номер","Наименование ТМЦ","Дата ввода в эксплуатацию (для ОС), дата поступления на склад (для материалов)","Цена реализации без НДС (руб/ед.)","Ед.изм","Кол-во","Стоимость реализации без НДС (руб.)","Местонахождение НВЛ","№ склада","Причина отнесения к НВЛ","Техническое состояние ТМЦ","ФИО контактного лица (Группа по реализации НВЛ и НЛ)","Телефон контактного лица"]
[1,"НВЛ","VA-00003948","Картридж XEROKX Toner Cartidge 006R01179","2008 г.",1064.5,"шт",10,10645,"основной склад",null,"не востребовано","нов.удовл.","Обоз С.В.","8(48351)25097"]
[2,"НВЛ","VA-00005287","Клапан  предохранительный , латунь","2008 г.",15440,"шт",6,92640,"основной склад",null,"не востребовано","нов.удовл.","Обоз С.В.","8(48351)25097"]
[3,"НВЛ","00-00001379","Муфта оптическая соединительная МТОК 96/192Т1-01","2005 г.",2643.77,"шт",30,79313.100000000006,"основной склад",null,"не востребовано","нов.удовл.","Обоз С.В.","8(48351)25097"]
[4,"НВЛ","VA-00004629","Муфта п/э","2006 г.",16.27,"шт",24,390.48,"основной склад",null,"не востребовано","нов.удовл.","Обоз С.В.","8(48351)25097"]
[5,"НВЛ","VA-00004037","Принт-картридж XEROKX Drum Cartidge 013R005889","2008 г.",2898.11,"шт",3,8694.33,"основной склад",null,"не востребовано","нов.удовл.","Обоз С.В.","8(48351)25097"]
[6,"НВЛ","00-00001398","Светильник РСП 3ВМ-250 IP65","2005 г. ",6531.59,"шт",39,254732.01,"основной склад",null,"не востребовано","нов.удовл.","Обоз С.В.","8(48351)25097"]
[7,"НВЛ","VA-00002090","Телефонная розетка-адаптер универсальный \"Пересвет\"","2005 г.",11.19,"шт",40,447.59999999999997,"основной склад",null,"не востребовано","нов.удовл.","Обоз С.В.","8(48351)25097"]
[8,"НВЛ","VA-00001410","Труба ПВХ гофрированная 40 мм  ","2005 г.",43.58,"шт",720,31377.599999999999,"основной склад",null,"не востребовано","нов.удовл.","Обоз С.В.","8(48351)25097"]
[9,"НВЛ","VA-00004583","Труба ДУ 203*10","2005 г.",1351.64,"шт",32,43252.480000000003,"основной склад",null,"не востребовано","нов.удовл.","Обоз С.В.","8(48351)25097"]
[10,"НВЛ","VA-00006210","Труба стальная ф820х12 б/у","2009 г.",7117.22,"шт",45.13,321200.13860000001,"ПСП",null,"не востребовано","нов.удовл.","Обоз С.В.","8(48351)25097"]
[11,"НВЛ","00-00001158","Шнур 1-4с Ф 14 ГОСТ 6467-79","2005 г.",119.42,"м",110.5,13195.91,"основной склад",null,"не востребовано","нов.удовл.","Обоз С.В.","8(48351)25097"]
[12,"НВЛ","00-00001157","Шнур МБС 1-4с Ф 10 ГОСТ 6467-79","2005 г.",133.02000000000001,"м",47,6251.9400000000005,"основной склад",null,"не востребовано","нов.удовл.","Обоз С.В.","8(48351)25097"]
[13,"НВЛ","00-00001156","Шнур МБС 1-4с Ф 8  ГОСТ 6467-79","2005 г.",121.98,"м",49,5977.02,"основной склад",null,"не востребовано","нов.удовл.","Обоз С.В.","8(48351)25097"]
[14,"НВЛ","VA-00006597","Номер ООН по СМГС 33/1267 300мм 400мм","2019 г.",23.33,"шт",3000,69990,"ТТР",null,"не востребовано","нов.удовл.","Обоз С.В.","8(48351)25097"]
[15,"НВЛ","VA-00006596","Знак опасности АК 3/315/3/ 250мм 250мм","2019г.",15.97,"шт",3000,47910,"ТТР",null,"не востребовано","нов.удовл.","Обоз С.В.","8(48351)25097"]
[16,"НВЛ","VA-00002227","Шнур МБС 1-4с Ф 8 ГОСТ 6467-79","2005 г.",133.46,"м",51,6806.46,"основной склад",null,"не востребовано","нов.удовл.","Обоз С.В.","8(48351)25097"]
[17,"НВЛ","VA-00004475","Болт М20","2007 г.",53.22,"кг",36.1,1921.242,"основной склад",null,"не востребовано","нов.удовл.","Обоз С.В.","8(48351)25097"]
[18,"НВЛ","VA-00004474","Гайка М20","2007 г.",57.96,"кг",20.78,1204.4088000000002,"основной склад",null,"не востребовано","нов.удовл.","Обоз С.В.","8(48351)25097"]
[19,"НВЛ","VA-00004985","Гвозди 1.4*32мм","2008 г.",52,"кг",7,364,"основной склад",null,"не востребовано","нов.удовл.","Обоз С.В.","8(48351)25097"]
[20,"НВЛ","VA-00005824","Гвозди 100мм","2010 г.",80,"кг",5,400,"основной склад",null,"не востребовано","нов.удовл.","Обоз С.В.","8(48351)25097"]
[21,"НВЛ","VA-00001471","Дюбель","2009 г.",2.0299999999999998,"шт",121,245.62999999999997,"основной склад",null,"не востребовано","нов.удовл.","Обоз С.В.","8(48351)25097"]
[22,"НВЛ","VA-00001416","Топор б/у","2008 г.",398.52,"шт",12,4782.24,"основной склад",null,"не востребовано","б/у удовл.","Обоз С.В.","8(48351)25097"]
[23,"НВЛ","VA-00004583","Труба ДУ 203*10","2005 г.",1689.56,"м",10.43,17622.110799999999,"основной склад",null,"не востребовано","нов.удовл.","Обоз С.В.","8(48351)25097"]
[24,"НВЛ","VA-00005329","Насос для бочек","2007 г.",828.81,"шт",2,1657.62,"основной склад",null,"не востребовано","нов.удовл.","Обоз С.В.","8(48351)25097"]
[25,"НВЛ","VA-00004475","Шайба гров. 20","2008 г.",61.35,"кг",1.5,92.025000000000006,"основной склад",null,"не востребовано","нов.удовл.","Обоз С.В.","8(48351)25097"]
["Итого на сумму реализации:",null,null,null,null,null,null,null,{"$f":"SUM(I4:I28)","v":1021113.3452}]